000 00349nam a22001217a 4500
020 _a8177224034
082 _222
_a005.5822
100 _aFinkelstein, Ellen.
245 _aHow to do everythingthing with microsoft office powerpoint 2003.
260 _aNew Delhi,
_bDreamtech Press,
_cc2003.
300 _axiv, 415 p. ;
_bill. ;
_c24 cm.
942 _2ddc
_cIT
999 _c345
_d345